| 000 | 00711nam a2200229 a 4500 | ||
|---|---|---|---|
| 001 | BRCA_4223 | ||
| 005 | 20190320204606.0 | ||
| 008 | 090610s1974----mx-a######---#000-0#spa-# | ||
| 041 | _aspa | ||
| 044 | _amx | ||
| 050 | 4 |
_aNX514 _b.R48 1974 |
|
| 245 | 1 | 0 |
_aRetablo barroco a la memoria de Francisco de la Maza _cDiego Angulo Íñiguez ... [et al.]. |
| 260 |
_aMéxico _bUNAM, Instituto de Investigaciones Estéticas _c1974 |
||
| 300 |
_a384 p. _bil., 3 láminas _c26 cm. |
||
| 500 | _aIncluye notas sobre ilustraciones | ||
| 500 | _aAM32 | ||
| 600 | 1 | 4 |
_aMaza, Francisco de la _d1913-1972 _9278 |
| 650 | 1 | 4 |
_aArte colonial _97904 |
| 700 | 1 |
_aAngulo Íñiguez, Diego _94279 |
|
| 902 | _aGFM | ||
| 942 |
_2lcc _cB |
||
| 999 |
_c3934 _d3934 |
||